Bohemian royals. 2, Hradní intrikáři /
Druhá kniha monarchistické románové fantazie české autorky, sledující především osudy mladistvých členů české královské rodiny v alternativní současnosti.
Uloženo v:
| Série: | Bohemian royals,
část 2 |
|---|---|
| Hlavní autor: | |
| Médium: | E-kniha |
| Jazyk: | Czech |
| Vydáno: |
V Praze :
Pointa,
2023
|
| Vydání: | První vydání |
| Témata: | |
| Příbuzné jednotky: | Z cyklu::
Bohemian royals |
| Tagy: |
Žádné tagy |
| LEADER | 02305nam a2200409 i 4500 | ||
|---|---|---|---|
| 001 | 311914 | ||
| 003 | CZ PrSKC | ||
| 005 | 20260601215714.0 | ||
| 007 | ta | ||
| 008 | 230424s2023 xr a g 000 f cze | ||
| 015 | |a cnb003517540 | ||
| 020 | |a 9788076911000 |q (vázáno) | ||
| 035 | |a (OCoLC)1381703174 | ||
| 040 | |a ABG001 |b cze |e rda | ||
| 072 | 7 | |a 821.162.3-3 |x Česká próza |2 Konspekt | |
| 080 | |a 821.162.3-31 |2 MRF | ||
| 080 | |a (0:82-31) |2 MRF | ||
| 100 | 1 | |a Valenová, Lena |7 xx0205847 |4 aut | |
| 245 | 1 | 0 | |a Bohemian royals. |n 2, |p Hradní intrikáři / |c Lena Valenová |
| 246 | 3 | 0 | |a Hradní intrikáři |
| 250 | |a První vydání | ||
| 264 | 1 | |a V Praze : |b Pointa, |c 2023 | |
| 300 | |a 414 stran : |b ilustrace ; |c 22 cm | ||
| 336 | |a text |b txt |2 rdacontent | ||
| 337 | |a bez média |b n |2 rdamedia | ||
| 338 | |a svazek |b nc |2 rdacarrier | ||
| 520 | 2 | |a Druhá kniha monarchistické románové fantazie české autorky, sledující především osudy mladistvých členů české královské rodiny v alternativní současnosti. |b Je po korunovaci, kterou poznamenala další tragédie. Jak se panovnický pár vypořádá se závazkem vůči celé zemi a s blízkostí Albertovy středoškolské lásky? Leontýna dosud žila v bezpečí zdí královského paláce. Snaha o vystoupení z vlastního stínu a naslouchání hlasu svého srdce se jí ale krutě vymstila. Felixův svět je vzhůru nohama. Má plnou hlavu osobního strážce a nemůže přestat myslet na Albertův tajný plán. Karty jsou rozdány k nové hře. Kdo ale ve skutečnosti udává její pravidla? Nakladatelská anotace. | |
| 546 | |a Český text | ||
| 655 | 7 | |a české romány |7 fd133974 |2 czenas | |
| 655 | 9 | |a Czech fiction |2 eczenas | |
| 787 | 0 | 8 | |i Z cyklu: |t Bohemian royals |g 2 |
| 900 | |a ABA001 |b 20 | ||
| 928 | 9 | |a Albatros Media - Pointa | |
| 044 | |a xr | ||
| 910 | |a RBIT002 | ||
| 998 | |d 373934 |a https://core.palmknihy.cz/api/books/373934/cover?si9i8f |b https://core.palmknihy.cz/api/books/373934/cover/400?si9i8f |c https://core.palmknihy.cz/api/books/373934/cover/50?si9i8f |e 2028-02-15 |g 424 |i 9788076911000 |j https://core.palmknihy.cz/api/books/373934/preview.epub |k https://core.palmknihy.cz/api/books/373934/preview.pdf |l |q 49 |r 1 |s https://www.palmknihy.cz/kniha/373934 |t ebook |y 2023 |z 0 |v Bohemian Royals |w 2 | ||
| 999 | |d 311912 | ||